Danse avec les Stars - Partenaires de Fauve Hautot - Statistiques

Statistiques générales
  • Ce quiz a été pris 140 fois
  • Le résultat moyen est 5 sur 9
Statistiques - réponses
Saisons Professions Célébrités % Correct
Saison 11 Chanteur Tayc
87%
Saison 3 Chanteur Emmanuel Moire
70%
Saison 12 Chanteur Billy Crawford
67%
Saison 10 Nageur Sami El Gueddari
56%
Saison 1 Humoriste Jean-Marie Bigard
53%
Saison 2 Mannequin Baptiste Giabiconi
45%
Saison 9 Mannequin Terence Telle
44%
Saison 4 Chanteur Keen'V
34%
Saison 5 Acteur Miguel Ángel Muñoz
31%
Aucun quiz correspondant
Distribution des résultats
% des personnes avec chaque résultat
Percentile par nombre de réponses
Votre historique - résultats
Vous n’avez pas pris ce quiz